banner-ar

LES VILLLES DANS L'EMPIRE OTTOMAN: ACTIVITES ET SOCIETES / (Record no. 15273)

MARC details
000 -الفاتح
حقل البيانات ثابتة الطول 00596nam a2200217Ia 4500
008 - عناصر البيانات ثابتة الطول - معلومات عامة
حقل البيانات ثابتة الطول 140319s9999 xx 000 0 eng d
040 ## - مصدر الفهرسة
وكالة الفهرسة الأصلية GCL /
وكالة النسخ GCL
082 04 - رقم تصنيف ديوى العشرى
رقم التصنيف 728.8
رقم المادة P V
100 1# - المدخل الرئيسى - إسم شخصى
الإسم الشخصى PANZAC, DANIEL
245 10 - بيان العنوان
العنوان LES VILLLES DANS L'EMPIRE OTTOMAN: ACTIVITES ET SOCIETES /
بيان المسئوليه,etc PANZAC, DANIEL
260 ## - PUBLICATION, DISTRIBUTION, ETC. (IMPRINT)
تاريخ النشر أو التوزيع 1994
300 ## - الوصف المادى
التعداد 415 P
650 04 - المدخل الاضافى بالموضوع-مصطلح موضوعى
مصطلح موضوعي ARCHITECTURE
650 04 - المدخل الاضافى بالموضوع-مصطلح موضوعى
مصطلح موضوعي ISLAM - ARCHETICTURE
650 04 - المدخل الاضافى بالموضوع-مصطلح موضوعى
مصطلح موضوعي OTTOMAN EMPIRE
650 04 - المدخل الاضافى بالموضوع-مصطلح موضوعى
مصطلح موضوعي ARCHITECTURE, OTTOMAN
650 04 - المدخل الاضافى بالموضوع-مصطلح موضوعى
مصطلح موضوعي VILLAS
650 04 - المدخل الاضافى بالموضوع-مصطلح موضوعى
مصطلح موضوعي VILLAS - OTTOMAN EMPIRE
942 ## - عناصر المدخل الإضافي( كوها)
مصدر التصنيف او مخطط الترفيف Dewey Decimal Classification
Koha [default] item type كتاب
260 ## - PUBLICATION, DISTRIBUTION, ETC. (IMPRINT)
-- [S.N] :
-- CNRS EDITIONS ،
Holdings
حالة التراجع حالة الفقد حالة تلف ليس للاعارة المكان المؤقت الموقع الحالى تاريخ الاكتساب اجمالي اﻻعارات رقم الطلب الباركود تاريخ اخر مشاهدة تاريخ تفعيل السعر نوع وعاء كوها
        مكتبة القاهرة الكبرى مكتبة القاهرة الكبرى 03/26/2014   728.8\P V 28342 03/26/2014 03/26/2014 كتاب
        مكتبة القاهرة الكبرى مكتبة القاهرة الكبرى 03/26/2014   728.8\P V 28343 03/26/2014 03/26/2014 كتاب

Powered By

EGPV